| 000 | 00863nas a2200253 4500 | ||
|---|---|---|---|
| 001 | BR8708193 | ||
| 003 | BR-BrBNA | ||
| 005 | 20231205091003.0 | ||
| 007 | ta | ||
| 008 | 230509b bl.|||p| |||| 00| 00por d | ||
| 040 |
_aBR-BrBNA _bpor _cBiblioteca Nacional de Agricultura |
||
| 041 | _a(Pt) | ||
| 072 | _aF70; F63 | ||
| 100 | 1 | _aAndrade, T. de A.P. de | |
| 100 | 1 | _aMiranda, M.M.B. de | |
| 245 | 1 | _aContribuicao ao conhecimento do genero Ipomoea (Convolvulaceae)atraves da morfologia do polen | |
| 246 | 1 | _aContribution to the knowledge of the genus Ipomoea (Convolvulaceae)through pollen morphology | |
| 650 | _aCONVOLVULACEA | ||
| 650 | _aTAXONOMIA VEGETAL | ||
| 650 | _aPOLEN | ||
| 773 | 0 |
_tCiencia Agronomica (Brazil) _xISSN 0045-6888 _g(Jun 1986), v. 17(1) p. 43-48 _wBR8708193 |
|
| 909 |
_a202311 _bLúcia _c55 _dLúcia Elande |
||
| 942 |
_2AGRIS _n0 _cANA |
||
| 999 |
_c122050 _d122050 |
||